| 000 | 00452nam a22001817a 4500 | ||
|---|---|---|---|
| 005 | 20190812173929.0 | ||
| 008 | 190723b xxu||||| |||| 00| 0 spa d | ||
| 041 | _aspa | ||
| 082 | _aLáminas | ||
| 245 | _aCosta Rica field guide: mammals | ||
| 260 | _aCosta Rica | ||
| 260 | _bRainforest Publications | ||
| 260 | _c1999 | ||
| 650 |
_aMATERIAL DIDÁCTICO _912846 |
||
| 650 |
_aCOSTA RICA _955431 |
||
| 650 |
_aMAMÍFEROS _914245 |
||
| 942 | _cMATDID | ||
| 999 |
_c12169 _d12169 |
||